• 首页
  • 本馆介绍
  • 公告通知
  • 最新文献
  • 馆藏检索
  • 电子资源
  • 读者导购
  • 参考咨询
  • 我的图书馆
  • 登录
  • 详细信息显示
  • 放入我的书架
  • 预约/预借图书
  • 作者相关作品
  • 分类相关作品
  • 丛书相关作品
  • 出版社相关作品

书目信息

  • 表格格式
  • 工作单格式
  • 卡片格式
题名:
地震与建筑
    
 
作者: 久田俊彦 编著 ;姜敦超 译
分册:  
出版信息: 北京   地震出版社  1978
页数: 238页
开本: 20cm
丛书名:
单 册:
中图分类: TU352
科图分类:
主题词: 建筑结构:抗震结构 , 抗震结构:建筑结构
电子资源:
ISBN:
000 00714nam0 2200253 45
001 0178001497
005 20060303095202.98
010    @dCNY0.90
091    @a13180.45
100    @a19950810d1978 em y0chiy0121 ea
101 1  @achi@cjpn
102    @aCN@b110000
105    @ay z 000yy
200 10 @a地震与建筑@Adi zhen yu jian zhu@f(日)久田俊彦编著@F(ri)jiu tian jun yan bian zhu@g姜敦超译
210    @a北京@c地震出版社@d1978
215    @a238页@d20cm
300    @a国内发行
606    @a建筑结构:抗震结构
606    @a抗震结构:建筑结构
690    @aTU352@v3
701  0 @a久田俊彦@Ajiu tian jun yan@4编著
702  0 @a姜敦超@Ajiang dun chao@4译
801  0 @aCN@bTSSF@c20060303
905    @a10447@dTU352@e1
    
    地震与建筑/(日)久田俊彦编著/姜敦超译.-北京:地震出版社,1978
    238页;20cm
    国内发行
    
    ISBN :CNY0.90
    
●
相关链接 在E读中查询图书 在五车中查询图书 在当当中查询图书 在豆瓣中查询图书


正题名:地震与建筑     索取号:TU352/1         预约/预借

序号 登录号 条形码 馆藏地/架位号 状态 备注
1 0010949   001481364   密集书库/ [索取号:TU352/1] 在馆    
2 0010951   001481355   密集书库/ [索取号:TU352/1] 在馆    
唐山师范学院图书馆 欢迎您!
大连网信软件有限公司© 版权所有